000 01100nam a2200241 i 4500
999 _c8010
_d8010
001 991058478168306706
003 OSt
005 20241230120118.0
006 m o d |
007 cr |||||||||||
008 201029s2019 sp a ob 000 0 spa d
040 _aCDMR
_cCDMR
_bcat
245 1 0 _aEvitació de notícies en població jove resident a Catalunya [Recurs electrònic]
_b: variables predictores i línies d'actuació : informe de recerca
_c/ Laura Pérez Altable ...[et al.]
260 _aBarcelona
_b: UPF,
_c2024
300 _a28 pàgines (PDF)
508 _aFinançat conjuntament per la Càtedra Futurs de la Comunicació i els ajuts SGR del grup DigiDoc
650 0 _94515
_aMitjans de comunicació de massa i joves
650 0 _9921
_aMitjans de comunicació de massa
_xAspectes sociològics
700 _94998
_aPérez Altable, Laura
710 2 _9619
_aUniversitat Pompeu Fabra
_b. Càtedra Futurs de la Comunicació
856 _uhttps://repositori-api.upf.edu/api/core/bitstreams/08fb6727-cb06-46de-a3a0-cb0c84925189/content
_yAccés en línia
942 _2udc
_cRECURS_WEB